DYEING OF CELLULOSE TEXTILE MATERIALS WITH MONO- AND POLYFUNCTIONAL REACTIVE DYES

Podrobná bibliografia
Hlavní autori: Georgieva, A. (Autor), Pishev, A. (Autor)
Médium: Článok
Jazyk:angličtina

MARC

LEADER 00000nab a2200000uu 4500
001 vtls010899906
003 SK-MaSNL
005 20260303141613.0
008 230222|2001 xo |||||||||||||||||eng|
015 |a SNBRB 
035 |a (urnnbn)urn:nbn:sk:snk:ar-a07jxm 
035 |a (uuid)374df556-e2a3-488d-970b-693698816c08 
035 |a urn:nbn:sk:snk-ab8rr9 
040 |a SNKBUCL  |b slo  |c SNKBUCL  |e AACR2 
041 0 |a eng 
044 |a xo  |c SK 
100 1 |a Georgieva, A.  |4 aut  |9 1161254 
245 1 0 |a DYEING OF CELLULOSE TEXTILE MATERIALS WITH MONO- AND POLYFUNCTIONAL REACTIVE DYES  |c A. Georgieva, A. Pishev 
700 1 |a Pishev, A.  |4 aut  |9 1161362 
773 0 |t Vlákna a textil  |g Roč. 8, č. 3 (2001), s. 195-197 
958 |a OND 
958 |a EUIPO 
958 |a article10 
999 |c 1977328  |d 1979258